[Event "Colin Crouch Masters 1st"]
[Site "Harrow High School"]
[Date "2016.04.06"]
[Round "5.6"]
[White "Santos Ruiz, Miguel"]
[Black "Gareyev, Timur"]
[Result "0-1"]
[WhiteElo "2422"]
[BlackElo "2611"]
[PlyCount "76"]
[EventDate "2016.04.02"]
[EventType "swiss"]
[EventRounds "9"]
[EventCountry "ENG"]
[Source "John Saunders"]
[SourceDate "2016.04.28"]
[WhiteClock "0:06:02"]
[BlackClock "0:05:39"]

1. e4 e5 2. Nf3 Nc6 3. Bb5 a6 4. Bxc6 dxc6 5. O-O Ne7 6. Nxe5 Qd4 7. Qh5 g6 8.
Qg5 Bg7 9. Nd3 f5 10. e5 c5 11. b3 b6 12. Bb2 Qg4 13. Qe3 Nd5 14. Qg3 Bb7 15.
c4 Ne7 16. Nf4 Bh6 17. Qxg4 fxg4 18. Ne2 Nf5 19. d4 cxd4 20. Nxd4 Nxd4 21. Bxd4
O-O-O 22. Bb2 Rhe8 23. Re1 Bg7 24. Na3 Rd2 25. Bc3 Rd3 26. Rac1 h5 27. Nb1 h4
28. e6 Bh6 29. Rc2 h3 30. gxh3 gxh3 31. Bd2 Bg7 32. Bc3 Bd4 33. Bxd4 Rxd4 34.
Rc3 Rxe6 35. Rce3 Rxe3 36. fxe3 Rg4+ 37. Kf1 Rg2 38. Re2 Be4 0-1

[Event "Colin Crouch Masters 1st"]
[Site "Harrow High School"]
[Date "2016.04.06"]
[Round "5.7"]
[White "Gormally, Daniel W"]
[Black "Tarhon, Brian"]
[Result "1-0"]
[WhiteElo "2490"]
[BlackElo "2293"]
[PlyCount "73"]
[EventDate "2016.04.02"]
[EventType "swiss"]
[EventRounds "9"]
[EventCountry "ENG"]
[Source "John Saunders"]
[SourceDate "2016.04.28"]
[WhiteClock "0:12:05"]
[BlackClock "0:36:16"]

1. d4 Nf6 2. c4 e6 3. Nf3 b6 4. g3 Bb4+ 5. Nbd2 Bb7 6. Bg2 O-O 7. O-O d5 8.
cxd5 exd5 9. Ne5 Nbd7 10. Ndf3 Be7 11. b3 Ne4 12. Bb2 c5 13. Rc1 Rc8 14. Bh3 f5
15. Rc2 Bd6 16. Nxd7 Qxd7 17. dxc5 bxc5 18. e3 g6 19. Nd2 Nf6 20. Bg2 Qe6 21.
Bxf6 Rxf6 22. Nb1 Rf7 23. Nc3 d4 24. Bxb7 Rxb7 25. exd4 c4 26. d5 Qf7 27. Ne2
Rbc7 28. Rxc4 Rxc4 29. bxc4 Rxc4 30. Qd3 Rc5 31. Rd1 Qd7 32. Qe3 Qc7 33. Qe8+
Kg7 34. Nd4 Qc8 35. Ne6+ Kf6 36. Qa4 Rc1 37. Qh4+ 1-0

[Event "Colin Crouch Masters 1st"]
[Site "Harrow High School"]
[Date "2016.04.06"]
[Round "5.8"]
[White "Eggleston, David J"]
[Black "Stanisz, Patryk"]
[Result "1-0"]
[WhiteElo "2400"]
[BlackElo "2128"]
[PlyCount "121"]
[EventDate "2016.04.02"]
[EventType "swiss"]
[EventRounds "9"]
[EventCountry "ENG"]
[Source "John Saunders"]
[SourceDate "2016.04.28"]
[WhiteClock "0:14:04"]
[BlackClock "0:00:33"]

1. e4 c5 2. Nf3 Nc6 3. d4 cxd4 4. Nxd4 Nf6 5. Nc3 e5 6. Ndb5 d6 7. Bg5 a6 8.
Na3 b5 9. Nd5 Qa5+ 10. Bd2 Qd8 11. Bd3 Nxd5 12. exd5 Ne7 13. O-O g6 14. c4 Bg7
15. cxb5 O-O 16. Qb3 Rb8 17. Be3 Bb7 18. Bc4 axb5 19. Nxb5 Nf5 20. Ba7 Ra8 21.
a4 Ba6 22. Rfd1 Qh4 23. Bf1 e4 24. g3 Qg4 25. Bg2 Rxa7 26. Nxa7 Nd4 27. Qe3 Nc2
28. Qxe4 Qxe4 29. Bxe4 Nxa1 30. Rxa1 Bxb2 31. Rb1 Re8 32. Bf3 Bd4 33. Nc6 Bb6
34. h4 Bc7 35. Bg2 Ra8 36. Rb4 Kg7 37. Bf1 Bc8 38. Re4 Bf5 39. Re7 Bb6 40. Rb7
Ba5 41. Rb8 Rxb8 42. Nxb8 Bc7 43. Nc6 Bd7 44. Bc4 f5 45. Kf1 Kf6 46. Ke2 Bxc6
47. dxc6 h6 48. Kd3 g5 49. hxg5+ hxg5 50. Kd4 Ke7 51. Kd5 Bb6 52. f3 Bf2 53. a5
Kd8 54. a6 Kc7 55. f4 gxf4 56. gxf4 Be3 57. Bd3 Kb6 58. Bxf5 Kc7 59. Bd7 Ba7
60. f5 Kb6 61. f6 1-0

[Event "Colin Crouch Masters 1st"]
[Site "Harrow High School"]
[Date "2016.04.06"]
[Round "5.9"]
[White "Batchelor, Peter J"]
[Black "Kalavannan, Koby"]
[Result "1-0"]
[WhiteElo "2335"]
[BlackElo "2094"]
[PlyCount "151"]
[EventDate "2016.04.02"]
[EventType "swiss"]
[EventRounds "9"]
[EventCountry "ENG"]
[Source "John Saunders"]
[SourceDate "2016.04.28"]
[WhiteClock "0:11:54"]
[BlackClock "0:02:06"]

1. d4 Nf6 2. c4 g6 3. Nc3 Bg7 4. Nf3 d6 5. Bg5 O-O 6. e3 Nbd7 7. Be2 c6 8. Qc2
Qc7 9. Rd1 a6 10. O-O b5 11. b3 Bb7 12. h3 Rfe8 13. Nd2 b4 14. Na4 c5 15. dxc5
Nxc5 16. Nxc5 dxc5 17. Bxf6 Bxf6 18. Bf3 Bxf3 19. Nxf3 Rad8 20. Rd5 e6 21. Rxd8
Rxd8 22. Rd1 Rxd1+ 23. Qxd1 Be7 24. g3 f5 25. Qe2 Bf6 26. e4 Qc6 27. e5 Be7 28.
g4 Qe8 29. Kf1 Kg7 30. Qe3 Qd8 31. Ke2 Qa5 32. Qd2 Qd8 33. Qb2 Qa8 34. Qc2 Qd8
35. Kf1 Qa8 36. Kg2 Qd8 37. Kg3 h6 38. Qe2 Qd7 39. a3 a5 40. axb4 axb4 41. Kg2
Qa7 42. gxf5 gxf5 43. Kh2 Qc7 44. Ne1 Qd8 45. Qe3 Qd1 46. Ng2 Qh5 47. Nf4 Qf7
48. Nd3 Qf8 49. Qg3+ Kh7 50. Nf4 Qf7 51. Qf3 Bg5 52. Nd3 Qc7 53. Qh5 Qe7 54.
Kg1 Bd2 55. Kf1 Qf8 56. Ke2 Bg5 57. Qf3 Qc8 58. Qg3 Be7 59. h4 Qg8 60. Nf4 Qf7
61. Kf1 Bd8 62. Kg2 Bc7 63. Nd3 Bb6 64. Kh3 Ba7 65. Qg2 Qg7 66. Nf4 Qxe5 67.
Qg6+ Kh8 68. Qe8+ Kh7 69. Qg6+ Kh8 70. Qxh6+ Kg8 71. Qg6+ Kh8 72. Nxe6 Bb8 73.
Qe8+ Kh7 74. Ng5+ Kg7 75. Qf7+ Kh8 76. Qh7# 1-0

[Event "Colin Crouch Masters 1st"]
[Site "Harrow High School"]
[Date "2016.04.06"]
[Round "5.10"]
[White "Lyell, Mark"]
[Black "Fegan, Chris"]
[Result "1-0"]
[WhiteElo "2242"]
[BlackElo "2079"]
[PlyCount "32"]
[EventDate "2016.04.02"]
[EventType "swiss"]
[EventRounds "9"]
[EventCountry "ENG"]
[Source "John Saunders"]
[SourceDate "2016.04.28"]
[WhiteClock "1:23:38"]
[BlackClock "0:30:20"]

1. e4 c5 2. Nc3 g6 3. d4 cxd4 4. Qxd4 Nf6 5. Nf3 Nc6 6. Qa4 d6 7. e5 Nd7 8.
exd6 Nc5 9. Qh4 Qxd6 10. Be3 Nb4 11. Bb5+ Nd7 12. O-O Nc6 13. Rad1 Qc7 14. Nd5
Qd8 15. Qf4 Bg7 16. Nc7+ Kf8 1-0

[Event "Colin Crouch Masters 1st"]
[Site "Harrow High School"]
[Date "2016.04.06"]
[Round "5.11"]
[White "Hill, Alistair"]
[Black "Psaila, Clarence"]
[Result "1-0"]
[WhiteElo "2204"]
[BlackElo "2067"]
[PlyCount "93"]
[EventDate "2016.04.02"]
[EventType "swiss"]
[EventRounds "9"]
[EventCountry "ENG"]
[Source "John Saunders"]
[SourceDate "2016.04.28"]
[WhiteClock "0:44:48"]
[BlackClock "0:30:01"]

1. d4 e6 2. c4 f5 3. g3 Nf6 4. Nf3 c6 5. Bg2 d5 6. O-O Bd6 7. Bf4 Bxf4 8. gxf4
O-O 9. e3 Nbd7 10. Nbd2 Qe8 11. Qc2 b6 12. cxd5 cxd5 13. Qc6 Ba6 14. Rfc1 Rc8
15. Qd6 h6 16. Rxc8 Bxc8 17. Rc1 Ne4 18. Nxe4 dxe4 19. Nd2 Nf6 20. Nc4 Bb7 21.
Qa3 Qb8 22. Ne5 Bd5 23. b3 Qb7 24. Bf1 a5 25. Qd6 Ne8 26. Qd7 Nf6 27. Qxb7 Bxb7
28. Rc7 Bd5 29. Bc4 Ra8 30. a4 Re8 31. Ng6 Rd8 32. Ne7+ Kf8 33. Bxd5 exd5 34.
Nxf5 Rd7 35. Rc6 Rb7 36. Nxh6 b5 37. Nf5 bxa4 38. Rc8+ Ne8 39. bxa4 Rb1+ 40.
Kg2 Kf7 41. Ra8 Nf6 42. Ra7+ Kg6 43. Ne7+ Kh5 44. Rxa5 Kh4 45. Ra8 Ra1 46. Rh8+
Nh5 47. h3 1-0

[Event "Colin Crouch Masters 1st"]
[Site "Harrow High School"]
[Date "2016.04.06"]
[Round "5.12"]
[White "Warman, Simon M"]
[Black "Rice, Chris B"]
[Result "1-0"]
[WhiteElo "2130"]
[BlackElo "2038"]
[PlyCount "65"]
[EventDate "2016.04.02"]
[EventType "swiss"]
[EventRounds "9"]
[EventCountry "ENG"]
[Source "John Saunders"]
[SourceDate "2016.04.28"]
[WhiteClock "0:08:48"]
[BlackClock "0:03:38"]

1. e4 e6 2. d4 d5 3. Nd2 Nf6 4. e5 Nfd7 5. Bd3 c5 6. c3 Nc6 7. Qg4 cxd4 8. cxd4
h5 9. Qf4 g5 10. Qe3 Bh6 11. g4 Qb6 12. Ne2 hxg4 13. Bc2 Bf8 14. Nb3 Ndxe5 15.
dxe5 Qxe3 16. Bxe3 Nxe5 17. O-O-O f6 18. Bd4 Bd6 19. Ng3 Kf7 20. Bc3 Bc7 21.
Nd4 a6 22. Nf1 Bd7 23. Ne3 Rh4 24. Ndf5 exf5 25. Nxd5 Bc6 26. Nxc7 Bxh1 27.
Nxa8 Rxh2 28. Bb3+ Kg7 29. Nc7 Be4 30. Ne8+ Kf8 31. Bxe5 fxe5 32. Nf6 Bf3 33.
Rd7 1-0

[Event "Colin Crouch Masters 1st"]
[Site "Harrow High School"]
[Date "2016.04.06"]
[Round "5.13"]
[White "Wadsworth, Matthew J"]
[Black "Golding, James"]
[Result "1-0"]
[WhiteElo "2290"]
[BlackElo "2095"]
[PlyCount "105"]
[EventDate "2016.04.02"]
[EventType "swiss"]
[EventRounds "9"]
[EventCountry "ENG"]
[Source "John Saunders"]
[SourceDate "2016.04.28"]
[WhiteClock "0:05:00"]
[BlackClock "0:15:41"]

1. c4 e6 2. g3 d5 3. Bg2 c5 4. Nf3 Nc6 5. O-O Nf6 6. e3 Be7 7. b3 O-O 8. Bb2 b6
9. Nc3 dxc4 10. bxc4 Bb7 11. Qe2 Qc8 12. Rac1 Rd8 13. Rfd1 Ne8 14. d4 Nd6 15.
Nb5 Nxb5 16. cxb5 Nb4 17. a3 Nd5 18. Ne5 a6 19. e4 Nf6 20. Nc4 Nd7 21. d5 axb5
22. Qg4 e5 23. Nxe5 Nxe5 24. Qxc8 Rdxc8 25. Bxe5 Rxa3 26. d6 Bd8 27. d7 Rca8
28. Bd6 b4 29. Bf1 b3 30. Be5 Bxe4 31. Re1 Bf5 32. Bb2 Bxd7 33. Bxa3 Rxa3 34.
Rcd1 Bf6 35. Rxd7 Ra8 36. Bc4 b2 37. Rxf7 Kh8 38. Rb7 h6 39. Rxb6 Bd4 40. Kg2
Rf8 41. f4 Ra8 42. Re2 Rf8 43. Rbxb2 Bxb2 44. Rxb2 g5 45. fxg5 hxg5 46. Rb5 Rf5
47. Kh3 Re5 48. Rb6 g4+ 49. Kh4 Re4 50. Bd3 Rd4 51. Bf5 Rd2 52. Kg5 Rxh2 53.
Kg6 1-0

[Event "Colin Crouch Masters 1st"]
[Site "Harrow High School"]
[Date "2016.04.06"]
[Round "5.15"]
[White "Grieve, Harry"]
[Black "Young, Daniel J"]
[Result "1/2-1/2"]
[WhiteElo "2106"]
[BlackElo "1807"]
[PlyCount "35"]
[EventDate "2016.04.02"]
[EventType "swiss"]
[EventRounds "9"]
[EventCountry "ENG"]
[Source "John Saunders"]
[SourceDate "2016.04.28"]
[WhiteClock "0:33:23"]
[BlackClock "0:44:12"]

1. d4 d5 2. Bg5 f6 3. Bh4 Nh6 4. e3 Nf5 5. Bg3 h5 6. Be2 h4 7. Bh5+ Kd7 8. Bf4
g5 9. e4 dxe4 10. Bd2 c6 11. c3 Kc7 12. Bg4 e6 13. Qb3 Qd5 14. Na3 Qxb3 15.
axb3 Nd6 16. Nh3 Be7 17. O-O Bd7 18. c4 1/2-1/2

[Event "Colin Crouch Masters 1st"]
[Site "Harrow High School"]
[Date "2016.04.06"]
[Round "5.16"]
[White "Rudd, Jack"]
[Black "Brozel, Sacha"]
[Result "1-0"]
[WhiteElo "2263"]
[BlackElo "1981"]
[PlyCount "127"]
[EventDate "2016.04.02"]
[EventType "swiss"]
[EventRounds "9"]
[EventCountry "ENG"]
[Source "John Saunders"]
[SourceDate "2016.04.28"]
[WhiteClock "1:55:58"]
[BlackClock "0:25:20"]

1. e4 e6 2. d4 d5 3. Nd2 dxe4 4. Nxe4 Nd7 5. Nf3 Ngf6 6. Nxf6+ Nxf6 7. Bd3 c5
8. O-O cxd4 9. Nxd4 Be7 10. b3 O-O 11. Bb2 Qc7 12. Re1 Rd8 13. Qf3 Bd7 14. Nf5
Bc6 15. Nxe7+ Qxe7 16. Qh3 h6 17. Re5 Rd5 18. Qg3 Rxe5 19. Bxe5 Nh5 20. Qg4 Nf6
21. Qh4 Nd5 22. Qxe7 Nxe7 23. Rd1 f6 24. Bb2 Kf7 25. f3 f5 26. Bc4 Rc8 27. Kf2
Bd5 28. Bd3 b6 29. Rd2 Bb7 30. g4 g6 31. Bc4 Bd5 32. Ba6 Rc7 33. c4 Bc6 34. Be5
Rd7 35. Rd6 fxg4 36. fxg4 h5 37. h3 hxg4 38. hxg4 Rxd6 39. Bxd6 Be4 40. Ke3 Bg2
41. Kf4 Kf6 42. g5+ Kf7 43. Bxe7 Kxe7 44. Ke5 Bh3 45. Bc8 Bf5 46. b4 Bb1 47. a3
Ba2 48. Bxe6 b5 49. Bd5 bxc4 50. Kd4 c3 51. Be4 Bf7 52. Kxc3 Kd6 53. Kd4 Be8
54. Bd3 Kc6 55. Ke5 Kb6 56. Kf6 a5 57. Bxg6 Bb5 58. Be4 axb4 59. axb4 Bc4 60.
g6 Kb5 61. g7 Kxb4 62. Bg6 Bg8 63. Bf7 Bh7 64. Kg5 1-0

[Event "Colin Crouch Masters 1st"]
[Site "Harrow High School"]
[Date "2016.04.06"]
[Round "5.17"]
[White "Kalaiyalahan, Akshaya"]
[Black "Mandnikar, Atreya"]
[Result "1-0"]
[WhiteElo "2212"]
[BlackElo "1689"]
[PlyCount "87"]
[EventDate "2016.04.02"]
[EventType "swiss"]
[EventRounds "9"]
[EventCountry "ENG"]
[Source "John Saunders"]
[SourceDate "2016.04.28"]

1. d4 d5 2. c4 e6 3. Nf3 c5 4. cxd5 exd5 5. g3 Nc6 6. Bg2 Nf6 7. O-O Be7 8. Nc3
cxd4 9. Nxd4 O-O 10. Nb3 Be6 11. Be3 Qd7 12. Nc5 Bxc5 13. Bxc5 Rfd8 14. Bd4 Qe7
15. e3 Na5 16. Qf3 Nc4 17. Bxf6 gxf6 18. Qe2 Qb4 19. Rab1 Rac8 20. Rfd1 Qa5 21.
b4 Qb6 22. Nxd5 Bxd5 23. Bxd5 Ne5 24. h4 Rd6 25. h5 Rcd8 26. e4 f5 27. Kg2 fxe4
28. Qxe4 Nc6 29. b5 Ne7 30. Qxe7 Rxd5 31. Rxd5 Rxd5 32. Rb4 Rd8 33. Rg4+ Kh8
34. Qxf7 Qh6 35. Qe7 Rf8 36. Rc4 Qf6 37. Qxf6+ Rxf6 38. Rc8+ Kg7 39. Rc7+ Kg8
40. Rxb7 Rf5 41. g4 Rg5 42. Kg3 Rc5 43. a4 Rc4 44. Rxa7 1-0

[Event "Colin Crouch Masters 1st"]
[Site "Harrow High School"]
[Date "2016.04.06"]
[Round "5.18"]
[White "Golding, Alex"]
[Black "Moreby, James"]
[Result "1/2-1/2"]
[WhiteElo "1994"]
[BlackElo "2008"]
[PlyCount "125"]
[EventDate "2016.04.02"]
[EventType "swiss"]
[EventRounds "9"]
[EventCountry "ENG"]
[Source "John Saunders"]
[SourceDate "2016.04.28"]
[WhiteClock "0:53:09"]
[BlackClock "0:07:48"]

1. e4 c5 2. Nf3 d6 3. d4 cxd4 4. Nxd4 Nf6 5. Nc3 a6 6. Be3 Ng4 7. Bg5 h6 8. Bh4
g5 9. Bg3 Bg7 10. h3 Ne5 11. Nf5 Bxf5 12. exf5 Nbc6 13. Nd5 e6 14. fxe6 fxe6
15. Ne3 O-O 16. Qd2 d5 17. Be2 Qb6 18. Rb1 Rad8 19. O-O Nd4 20. Rfe1 Nxe2+ 21.
Qxe2 Ng6 22. Ng4 Rde8 23. Qd3 Ne7 24. Be5 Nf5 25. Bxg7 Kxg7 26. Ne5 Qd4 27.
Qxd4 Nxd4 28. c3 Nf5 29. Re2 Re7 30. Rbe1 Rfe8 31. Nd3 Kf6 32. f4 Ng3 33. Rf2
Kg7 34. Rf3 gxf4 35. Nxf4 Ne4 36. c4 Nf6 37. Rfe3 Kf7 38. cxd5 exd5 39. Rxe7+
Rxe7 40. Rxe7+ Kxe7 41. Kf2 Kd6 42. Ke3 Ng8 43. Ng6 Nf6 44. Kd4 Ne8 45. Nf4 Nc7
46. a4 b5 47. b3 bxa4 48. bxa4 a5 49. g4 Na6 50. Nxd5 Nc5 51. Nc3 Ne6+ 52. Kc4
Ng5 53. h4 Nf3 54. Kb5 Nxh4 55. Kxa5 Kc6 56. Ne2 Nf3 57. Ka6 Ne5 58. a5 Nxg4
59. Nd4+ Kc7 60. Ne6+ Kb8 61. Kb6 Ne5 62. a6 Nd7+ 63. Kc6 1/2-1/2

[Event "Colin Crouch Masters 1st"]
[Site "Harrow High School"]
[Date "2016.04.06"]
[Round "5.19"]
[White "De Paolis, Fabrizio"]
[Black "Armstrong, William G"]
[Result "1/2-1/2"]
[WhiteElo "1878"]
[BlackElo "1868"]
[PlyCount "49"]
[EventDate "2016.04.02"]
[EventType "swiss"]
[EventRounds "9"]
[EventCountry "ENG"]
[Source "John Saunders"]
[SourceDate "2016.04.28"]

1. d4 Nf6 2. c4 g6 3. Nc3 Bg7 4. e4 d6 5. f4 O-O 6. Nf3 c5 7. dxc5 dxc5 8. Qxd8
Rxd8 9. e5 Ne8 10. Be3 b6 11. Nd5 Nc6 12. Rd1 Bf5 13. Be2 e6 14. Nc3 Nb4 15.
O-O Bd3 16. Bxd3 Rxd3 17. Rxd3 Nxd3 18. b3 Nb4 19. Rd1 Nc6 20. Rd7 Rd8 21. Rxd8
Nxd8 22. Kf2 Nc6 23. a3 f6 24. exf6 Nxf6 25. Ke2 1/2-1/2

[Event "Colin Crouch Masters 1st"]
[Site "Harrow High School"]
[Date "2016.04.06"]
[Round "5.20"]
[White "Robinson, Nette"]
[Black "Harari, Zaki"]
[Result "0-1"]
[WhiteElo "1501"]
[BlackElo "2065"]
[PlyCount "48"]
[EventDate "2016.04.02"]
[EventType "swiss"]
[EventRounds "9"]
[EventCountry "ENG"]
[Source "John Saunders"]
[SourceDate "2016.04.28"]
[WhiteClock "0:19:17"]
[BlackClock "0:43:26"]

1. c4 e5 2. g3 Nf6 3. Bg2 Nc6 4. b3 Bc5 5. Bb2 d6 6. Nc3 O-O 7. Nf3 h6 8. d3 a6
9. O-O Bf5 10. Nd5 Nxd5 11. cxd5 Ne7 12. e4 Bh7 13. Re1 f5 14. a3 fxe4 15. dxe4
Qe8 16. b4 Bb6 17. Rc1 Qh5 18. Nd2 Qxd1 19. Rexd1 Rxf2 20. h4 Rxd2+ 21. Kh1
Rxb2 22. Re1 Rf8 23. Rf1 Rxf1+ 24. Rxf1 Rb3 0-1

[Event "Colin Crouch Masters 1st"]
[Site "Harrow High School"]
[Date "2016.04.06"]
[Round "5.23"]
[White "Ross, Chris N"]
[Black "Topal, M Onat"]
[Result "1-0"]
[WhiteElo "2194"]
[BlackElo "1998"]
[PlyCount "77"]
[EventDate "2016.04.02"]
[EventType "swiss"]
[EventRounds "9"]
[EventCountry "ENG"]
[Source "John Saunders"]
[SourceDate "2016.04.28"]

1. d4 Nf6 2. Nf3 c5 3. d5 d6 4. c4 b5 5. a4 b4 6. Nbd2 e5 7. dxe6 fxe6 8. g3 d5
9. Bg2 Nc6 10. O-O Be7 11. e4 O-O 12. exd5 exd5 13. cxd5 Qxd5 14. Nh4 Qd7 15.
Nc4 Bb7 16. Qxd7 Nxd7 17. Rd1 Rad8 18. Nd6 Ba8 19. Nhf5 Bxd6 20. Nxd6 Nd4 21.
Bg5 Nf6 22. Bxa8 Rxa8 23. Be3 Nc2 24. Rac1 Nxe3 25. fxe3 Ng4 26. e4 Rf3 27.
Rxc5 Ne3 28. Rdc1 Raf8 29. Rc8 g6 30. Rxf8+ Kxf8 31. Nb5 a6 32. Nd4 Rf6 33. e5
Rf7 34. Rc8+ Kg7 35. Ne6+ Kh6 36. Nf4 g5 37. Rc6+ Kg7 38. Ne6+ Kh6 39. Nd8+ 1-0

[Event "Colin Crouch Masters 1st"]
[Site "Harrow High School"]
[Date "2016.04.07"]
[Round "6.1"]
[White "Tan, Justin"]
[Black "Vakhidov, Jahongir"]
[Result "1/2-1/2"]
[WhiteElo "2452"]
[BlackElo "2576"]
[PlyCount "90"]
[EventDate "2016.04.02"]
[EventType "swiss"]
[EventRounds "9"]
[EventCountry "ENG"]
[Source "John Saunders"]
[SourceDate "2016.04.28"]
[WhiteClock "0:08:42"]
[BlackClock "0:03:53"]

1. e4 d5 2. exd5 Qxd5 3. Nc3 Qd6 4. d4 Nf6 5. Nf3 c6 6. g3 g6 7. Bg2 Bg7 8. O-O
O-O 9. Re1 Na6 10. Bf4 Qd8 11. Qd2 Bf5 12. h3 Nb4 13. g4 Bc8 14. a3 Nbd5 15.
Nxd5 cxd5 16. Ne5 Ne4 17. Qb4 e6 18. Bxe4 dxe4 19. g5 f6 20. gxf6 Qxf6 21. Rxe4
Qf5 22. Rae1 Bxe5 23. dxe5 b6 24. Qe7 Rf7 25. Qd8+ Rf8 26. Qe7 Rf7 27. Qd8+ Kg7
28. Qh4 Bb7 29. Bh6+ Kg8 30. Rf4 Qh5 31. Qxh5 gxh5 32. Kh2 Rxf4 33. Rg1+ Kh8
34. Bg7+ Kg8 35. Bh6+ Kh8 36. Bxf4 Rf8 37. Be3 Be4 38. c3 Rg8 39. Bg5 Rg6 40.
Bf6+ Kg8 41. Rxg6+ hxg6 42. Kg3 Kf7 43. Kf4 Bf5 44. h4 Ke8 45. Ke3 Kd7 1/2-1/2

[Event "Colin Crouch Masters 1st"]
[Site "Harrow High School"]
[Date "2016.04.07"]
[Round "6.2"]
[White "Osborne, Marcus E"]
[Black "Berkes, Ferenc"]
[Result "0-1"]
[WhiteElo "2213"]
[BlackElo "2644"]
[PlyCount "92"]
[EventDate "2016.04.02"]
[EventType "swiss"]
[EventRounds "9"]
[EventCountry "ENG"]
[Source "John Saunders"]
[SourceDate "2016.04.28"]
[WhiteClock "0:04:10"]
[BlackClock "0:16:30"]

1. c4 e5 2. Nc3 Nf6 3. Nf3 Nc6 4. e3 Bb4 5. Qc2 O-O 6. Nd5 Re8 7. Qf5 d6 8.
Nxf6+ Qxf6 9. Qxf6 gxf6 10. b3 e4 11. Nh4 Ne5 12. Bb2 f5 13. g3 a6 14. a3 Ba5
15. b4 Bb6 16. Be2 c6 17. f4 Ng6 18. Ng2 Be6 19. O-O Rac8 20. g4 Bd8 21. h4 c5
22. Rac1 Nf8 23. g5 Nd7 24. d3 exd3 25. Bxd3 Nb6 26. bxc5 Rxc5 27. Bd4 Ra5 28.
e4 Rxa3 29. Rc3 Rxc3 30. Bxc3 fxe4 31. Bxe4 d5 32. cxd5 Bxd5 33. Bd3 Nc4 34.
Bd4 Nd2 35. Ne3 Be4 36. Rf2 Nf3+ 37. Rxf3 Bxf3 38. Nf5 Re6 39. Bc4 Rc6 40. Bb3
Be4 41. Nh6+ Kf8 42. Kf2 Bb6 43. Ke3 Bg6 44. Bxb6 Rxb6 45. Bd5 a5 46. f5 Bh5
0-1

[Event "Colin Crouch Masters 1st"]
[Site "Harrow High School"]
[Date "2016.04.07"]
[Round "6.3"]
[White "Gareyev, Timur"]
[Black "Lalic, Bogdan"]
[Result "1/2-1/2"]
[WhiteElo "2611"]
[BlackElo "2425"]
[PlyCount "119"]
[EventDate "2016.04.02"]
[EventType "swiss"]
[EventRounds "9"]
[EventCountry "ENG"]
[Source "John Saunders"]
[SourceDate "2016.04.28"]
[WhiteClock "0:27:00"]
[BlackClock "0:54:53"]

1. c4 e6 2. Nc3 d5 3. d4 Be7 4. Bf4 Nf6 5. Nf3 O-O 6. a3 dxc4 7. e4 b5 8. Nxb5
Nxe4 9. Bxc7 Qd5 10. Nc3 Nxc3 11. bxc3 Nd7 12. Be2 Bb7 13. O-O Rac8 14. Bg3 Qa5
15. Qc2 Nf6 16. Bh4 Be4 17. Qd2 Bf5 18. Rfc1 Ne4 19. Qe1 Bd6 20. Bg3 Nxg3 21.
hxg3 e5 22. Qd2 h6 23. a4 Rfd8 24. Qe3 Re8 25. Qd2 e4 26. Nh2 e3 27. fxe3 Bxg3
28. Nf1 Bh4 29. Bd1 Rc6 30. Bc2 Rf6 31. Bxf5 Rxf5 32. g3 Bg5 33. Re1 Rf6 34.
Qe2 Qxc3 35. Rac1 Qxd4 36. exd4 Rxe2 37. Rxe2 Bxc1 38. Rc2 Bg5 39. Rxc4 Rf3 40.
Kg2 Rd3 41. Rc8+ Kh7 42. Rc7 a5 43. Rc5 Rxd4 44. Rxa5 f5 45. Rxf5 Rxa4 46. Nh2
Kg6 47. Rf2 h5 48. Rc2 Ra6 49. Nf3 Bf6 50. Nh4+ Kh7 51. Nf3 g5 52. Re2 g4 53.
Nh2 Kg6 54. Nf1 Ra3 55. Ne3 Be5 56. Nxg4 Rxg3+ 57. Kf2 Bf4 58. Ne3 Rxe3 59.
Rxe3 Bxe3+ 60. Kg2 1/2-1/2

[Event "Colin Crouch Masters 1st"]
[Site "Harrow High School"]
[Date "2016.04.07"]
[Round "6.4"]
[White "Fodor, Tamas Jr"]
[Black "Jackson, James P"]
[Result "1-0"]
[WhiteElo "2505"]
[BlackElo "2348"]
[PlyCount "79"]
[EventDate "2016.04.02"]
[EventType "swiss"]
[EventRounds "9"]
[EventCountry "ENG"]
[Source "John Saunders"]
[SourceDate "2016.04.28"]
[WhiteClock "0:40:51"]
[BlackClock "0:03:09"]

1. d4 Nf6 2. c4 c5 3. d5 e6 4. Nc3 exd5 5. cxd5 d6 6. e4 g6 7. f4 Bg7 8. Bb5+
Nfd7 9. a4 O-O 10. Nf3 Na6 11. O-O Nb4 12. Re1 a6 13. Bf1 Re8 14. Be3 Nf6 15.
Bf2 Bg4 16. Rc1 Nd7 17. h3 Bxf3 18. Qxf3 Rb8 19. g4 g5 20. e5 gxf4 21. exd6 Ne5
22. Qxf4 Nbd3 23. Qf5 Nxc1 24. Rxc1 Qxd6 25. Ne4 Qg6 26. Nxc5 Qxf5 27. gxf5
Nf3+ 28. Kg2 Nd4 29. f6 Bh6 30. Rd1 Nf5 31. d6 Ne3+ 32. Bxe3 Bxe3 33. d7 Bxc5
34. dxe8=Q+ Rxe8 35. Rd5 Bf8 36. Bc4 Rc8 37. Rg5+ Kh8 38. Bxf7 Bh6 39. Rg4 Bc1
40. Be6 1-0

[Event "Colin Crouch Masters 1st"]
[Site "Harrow High School"]
[Date "2016.04.07"]
[Round "6.5"]
[White "Willmoth, Robert F"]
[Black "Gormally, Daniel W"]
[Result "0-1"]
[WhiteElo "2152"]
[BlackElo "2490"]
[PlyCount "76"]
[EventDate "2016.04.02"]
[EventType "swiss"]
[EventRounds "9"]
[EventCountry "ENG"]
[Source "John Saunders"]
[SourceDate "2016.04.28"]
[WhiteClock "0:01:46"]
[BlackClock "0:28:00"]

1. Nf3 Nf6 2. g3 g6 3. Bg2 Bg7 4. d4 O-O 5. c4 d6 6. O-O c6 7. Nc3 Qa5 8. h3
Qa6 9. b3 b5 10. cxb5 cxb5 11. Qd3 b4 12. Qxa6 Nxa6 13. Na4 Bd7 14. Nb2 Rac8
15. Re1 Bb5 16. e3 Rc2 17. Bf1 Bxf1 18. Kxf1 Ne4 19. Re2 Rxe2 20. Kxe2 Nc7 21.
Nd3 Nd5 22. Bd2 Rb8 23. Nfe1 e5 24. Nc2 a5 25. dxe5 dxe5 26. Nde1 Nxd2 27. Kxd2
Rd8 28. e4 Nc3+ 29. Ke3 Bh6+ 30. f4 exf4+ 31. gxf4 Re8 32. Ng2 f5 33. a3 a4 34.
axb4 axb3 35. Na3 Ra8 36. Kd4 b2 37. Rb1 Nxb1 38. Nxb1 Ra1 0-1

[Event "Colin Crouch Masters 1st"]
[Site "Harrow High School"]
[Date "2016.04.07"]
[Round "6.6"]
[White "Eggleston, David J"]
[Black "Brzezinski, Adam"]
[Result "1/2-1/2"]
[WhiteElo "2400"]
[BlackElo "2203"]
[PlyCount "99"]
[EventDate "2016.04.02"]
[EventType "swiss"]
[EventRounds "9"]
[EventCountry "ENG"]
[Source "John Saunders"]
[SourceDate "2016.04.28"]
[WhiteClock "0:11:24"]
[BlackClock "0:22:01"]

1. e4 e6 2. d4 d5 3. Nc3 Bb4 4. e5 c5 5. a3 Bxc3+ 6. bxc3 Qa5 7. Bd2 Qa4 8. Qg4
Kf8 9. Qd1 b6 10. c4 Ne7 11. dxc5 dxc4 12. cxb6 Nbc6 13. Nf3 axb6 14. Be2 Nd5
15. O-O c3 16. Bc1 Ba6 17. Bxa6 Qxa6 18. Re1 h6 19. h3 Qc4 20. Nh2 Ke7 21. Qf3
Ra4 22. Be3 Rha8 23. Qg3 Kf8 24. Rab1 Rxa3 25. Ng4 h5 26. Nh2 Nxe3 27. Qxe3 Nd4
28. Qe4 Qc5 29. Nf3 Nxf3+ 30. Qxf3 g6 31. Rbd1 R3a7 32. Qf6 Kg8 33. Rd6 Qc7 34.
Kh2 Qe7 35. Qf3 Rb8 36. Qxc3 Rc7 37. Qd3 Rbc8 38. Re2 Rc3 39. Qe4 R3c4 40. Qd3
Rc3 41. Qe4 R3c4 42. Qf3 Rc3 43. Qf4 Rxc2 44. Rxc2 Rxc2 45. Rxb6 Rc8 46. Rd6
Kg7 47. h4 Rc5 48. g3 Rd5 49. Kg2 Kh7 50. Kh2 1/2-1/2